000
00318nam a2200121Ia 4500
008
240624s9999 xx 000 0 und d
041
_a
eng
082
_a
004.6 MIK
100
_a
MIKALSEN ARNE
245
_a
LOCAL AREA NETWORKS MANAGEMENT DESIGN AN
260
_c
2002
_a
New Delhi
_b
Wiley Dreamtech India
300
_a
xv, : 444
999
_c
953
_d
953